000 00370nam a2200145Ia 4500
008 150201s1996 xx 000 0 und d
082 _a612
_bP1996T
100 _aTORTORA
245 _aPRINCIPLES OF ANATOMY AND PHYSIOLOGY
250 _a8TH
260 _bHARPER COLLINS COLLEGE PUBLISHERS
_aNEW YORK
_c1996
300 _a1-986
650 _aPHYSIOLOGY
942 _2ddc
_cBK
999 _c2513
_d2513